000 01286nam a2200229Ia 4500
999 _c53215
_d53215
001 20256
003 GE_BSU
005 20200524231246.0
008 181216s1961||||ge |||||||||||||| ||geo||
040 _cGE_BSU
041 _ageo
080 _a81'374.822=353.1=161 ჩ-84
100 _aჩუბინაშვილი, ნიკო
_98175
245 _aქართული ლექსიკონი რუსული თარგმანითურთ = Словарь грузинского языка с русским переводом /
_cნიკო ჩუბინაშვილი ; ალ. ღლონტის რედაქციითა და გამოკვლევით ; რედ. სიმონ ყაუხჩიშვილი.
264 _aთბილისი :
_bსაბჭოთა საქართველო,
_c1961.
300 _a490 გვ. ;
_c24 სმ.
546 _aდამატ. თავფურც. რუსულ ენაზე
653 _aლექსიკონი
653 _aქართული ლექსიკონი რუსული თარგმანითურთ
700 _aყაუხჩიშვილი, სიმონ
_eრედაქტორი
_91490
942 _cBK
_2udc